[Event "MCR mladeze, Kouty 2018 - H10"]
[Site "Kouty nad Desnou"]
[Date "2018.03.16"]
[Round "8"]
[White "Buchtova, Viktorie"]
[Black "Taus, Zdenek"]
[Result "0-1"]
[WhiteElo "1023"]
[BlackElo "1152"]
[EventDate "2018.03.10"]

1. e4  e5  2. Nf3  Nf6
3. Nc3  Bb4  4. d3
d5  5. Nxe5  d4
6. a3  Bxc3+  7. bxc3  dxc3
8. Bg5  O-O  9. d4
Re8  10. Bc4  Be6
11. Bb3  Nbd7  12. O-O
Nxe5  13. dxe5  Qxd1 14. Rfxd1
Nxe4  15. Be3  Bxb3
16. cxb3  Rxe5  17. Rac1
Rae8  18. Bd4  R5e7
19. g3  f5  20. Bxc3
Nxc3  21. Rxc3  g6
22. Rdc1  c6  23. a4
Re5  24. b4  Kf7
25. Rc5  Rxc5  26. Rxc5
Rd8  27. b5  Rd5
28. Rc2  c5  29. Kf1
b6  30. Ke2 Rd4 31. Ke3  Ke6
32. Ra2  Ke5  33. f3
c4  34. h3  Rd3+
35. Ke2  Kd4  36. Rc2
c3  37. g4  Rd2+
38. Rxd2+  cxd2  39. Kxd2
f4  40. h4  Kc4
41. h5  g5  42. h6  Kb4
43. Kd3  Kxa4  44. Ke4
Kxb5  45. Kf5  a5
46. Ke4  Kb4  47. Kf5
a4  48. Kxg5  a3
49. Kxf4  a2  50. g5
a1=Q 51. Kf5  Qh8  52. g6
hxg6+  53. Kxg6  Qg8+
54. Kh5  Kc5  55. f4
Kd5  56. f5  Ke5
57. h7  Qxh7+  58. Kg4
Qxf5+  59. Kg3  Qf4+
60. Kg2  Ke4  61. Kg1
Kf3  62. Kf1  Qc1#
0-1

[Event "MCR mladeze, Kouty 2018 - H12"]
[Site "Kouty nad Desnou"]
[Date "2018.03.10"]
[Round "1"]
[White "Hrbek, Stepan"]
[Black "Werner, Hong Quan Dan"]
[Result "0-1"]
[WhiteElo "2018"]
[BlackElo "1534"]
[EventDate "2018.03.10"]

1. c4 Nf6 2. d4 g6 3. g3 Bg7 4. Bg2 O-O 5. e4 d6 6. Ne2 e5 7. O-O Nc6 8. d5 Ne7
9. Nbc3 Ne8 10. f4 f5 11. fxe5 Bxe5 12. Bf4 Bg7 13. Bh3 fxe4 14. Bxc8 Rxc8 15.
Nd4 Bxd4+ 16. Qxd4 Nf5 17. Qxe4 Nf6 18. Qd3 Qd7 19. Bg5 Rce8 20. Bxf6 Rxf6 21. g4
Ne3 22. h3 Nxf1 23. Rxf1 Rxf1+ 24. Qxf1 Rf8 25. Qe2 Qf7 26. Nb5 a6 27. Nd4 Re8
28. Ne6 c6 29. Qd3 b5 30. b3 a5 31. Qd4 a4 32. Qc3 axb3 33. axb3 Ra8 34. Qd4 bxc4
35. bxc4 cxd5 36. cxd5 Qa7 37. Qxa7 Rxa7 38. g5 Ra2 39. Kf1 Rd2 40. Nc7 Kf7 0-1

[Event "MCR mladeze, Kouty 2018 - H12"]
[Site "Kouty nad Desnou"]
[Date "2018.03.10"]
[Round "1"]
[White "Smolik, Jachym"]
[Black "Stalmach, Richard"]
[Result "0-1"]
[WhiteElo "1532"]
[BlackElo "1946"]
[EventDate "2018.03.10"]

1. d4  f5  2. e4  fxe4
3. Nc3  Nf6  4. Bg5
Nc6  5. d5  Ne5
6. Qd4  Nf7  7. Bxf6  exf6
8. Nxe4  f5  9. Nc3
g6  10. O-O-O  Bh6+
11. Kb1  O-O  12. Be2
Bg7  13. Qd2  c6
14. Bc4  a5  15. f4
b5  16. Be2  Qf6
17. Nf3  a4  18. a3
b4  19. axb4  a3
20. Nd4  Qe7  21. Na2
Bxd4  22. Bf3  Bxb2
23. dxc6  dxc6  24. Bxc6
Bb7  25. Bxb7  Qxb7
26. Qd5  Qxd5  27. Rxd5
Rfd8  28. Rhd1  Rxd5
29. Rxd5  Rd8  30. Rxd8+ Nxd8
31. b5  Kf7  32. c4
Ke6  33. Nb4  Kd6
34. Nd3  Bd4  35. Ka2
Bc5  36. Kb3  Nb7
37. Ka2  Na5  38. Ne5
Bd4  39. Kxa3  Bxe5
40. fxe5+  Kc5  41. Ka4
Nxc4  42. e6  Nb6+
43. Ka5  Nd5  44. e7
Nxe7  45. b6  Nc6+
46. Ka6  f4  0-1

[Event "MCR mladeze, Kouty 2018 - H12"]
[Site "Kouty nad Desnou"]
[Date "2018.03.10"]
[Round "1"]
[White "Kures, Michael"]
[Black "Prochazka, Vojtech"]
[Result "1-0"]
[WhiteElo "1931"]
[BlackElo "1475"]
[EventDate "2018.03.10"]

1. d4  d5  2. c4  c6
3. Nf3  e6  4. g3
dxc4  5. Bg2  b5
6. a4  Bb7  7. Ne5
a6  8. O-O  Nf6
9. Nc3  Nd5  10. e4  Nf6
11. g4  Nbd7  12. Nxd7
Nxd7  13. Be3  Be7
14. e5  Qc8  15. f4
Nb6  16. f5  Nd5
17. Bxd5  exd5  18. f6
Bf8  19. Qf3  g6
20. Rae1  Qe6  21. Ne2
h5  22. g5  Qg4+
23. Qxg4  hxg4  24. Nf4
Bc8  25. Bd2  Be6
26. Nxe6  fxe6  27. Rf4
Kf7  28. Rxg4  Rb8
29. axb5  cxb5  30. Ra1
Rb6  31. Kg2  Rc6
32. Kg3  b4  33. Rc1
a5  34. Rf4  a4
35. Rf3  Ra6  36. Ra1  b3
37. h4  a3  38. Rff1
a2  39. Kg4  Ra4
40. Rh1  Rh5  41. Rh3
Bb4  42. Bxb4  Rxb4
43. Rc1  Ra4  44. Rhh1
Rh8  45. Kf4  Rha8
46. h5  gxh5  47. g6+
Kxg6  48. Rcg1+  Kf7
49. Rg7+  Kf8  50. Rxh5
a1=Q  51. Rh8#  1-0

[Event "MCR mladeze, Kouty 2018 - H12"]
[Site "Kouty nad Desnou"]
[Date "2018.03.10"]
[Round "1"]
[White "Pecka, Jan"]
[Black "Hak, David"]
[Result "0-1"]
[WhiteElo "1456"]
[BlackElo "1887"]
[EventDate "2018.03.10"]

1. d4  d5  2. c4  e6
3. Nf3  Nf6  4. Bg5
Be7  5. e3  c6
6. Nc3  Nbd7  7. Bd3  dxc4
8. Bxc4  O-O  9. O-O
b5  10. Bd3  a6
11. Rc1  Bb7  12. Bb1  Rc8
13. Qe2  c5  14. dxc5
Rxc5  15. Rfd1  Bxf3
16. Qxf3  Rxg5  17. Ne4
Rd5  18. Qh3  h6
19. Nc3  Rxd1+  20. Rxd1
Qc7  21. f4  Rd8
22. g4  Nc5  23. Rxd8+
Qxd8  24. g5  Nd5
25. Ne4  Nxe4  26. Bxe4
Bc5  27. gxh6  Nxe3
28. hxg7  Qd1+  29. Kf2
Nf1+  0-1

[Event "MCR mladeze, Kouty 2018 - H12"]
[Site "Kouty nad Desnou"]
[Date "2018.03.10"]
[Round "1"]
[White "Hlavina, Matous"]
[Black "Vaclavik, Jan"]
[Result "1-0"]
[WhiteElo "1820"]
[BlackElo "1448"]
[EventDate "2018.03.10"]

1. e4  c5  2. Nf3  d6
3. d4  cxd4  4. Nxd4
Nf6  5. Nc3  g6
6. g3  Bg7  7. Bg2  Nc6
8. Nde2  O-O  9. O-O
Bd7  10. h3  Rb8
11. a4  a6  12. Nd5
Nxd5  13. exd5  Ne5
14. Nd4  b5  15. axb5
Bxb5  16. Re1  Rc8
17. b3  Nd3  18. Re4
Nxc1  19. Rxc1  Bd7
20. Qe2  Qb6  21. Rxe7
Rce8  22. Nc6  Bxc6
23. dxc6  Rxe7  24. Qxe7
Be5  25. g4  Rc8
26. Bd5  Rc7  27. Qg5
Kg7  28. Qd2  Re7
29. Kg2  f6  30. Re1
Rc7  31. f4  Bd4
32. c3  Bc5  33. b4
a5  34. bxc5  Qxc5
35. Re8  a4  36. Rg8+
Kh6  37. g5+  fxg5
38. fxg5+  Kh5  39. Bf3+
Kh4  40. Qf4#  1-0

[Event "MCR mladeze, Kouty 2018 - H12"]
[Site "Kouty nad Desnou"]
[Date "2018.03.10"]
[Round "1"]
[White "Licka, Denis"]
[Black "Babula, Vlastimil"]
[Result "1-0"]
[WhiteElo "1386"]
[BlackElo "1806"]
[EventDate "2018.03.10"]

1. e4  c5  2. Nf3  d6
3. b4  cxb4  4. a3
bxa3  5. d4  Nf6
6. Bd3  g6  7. O-O
Bg7  8. c3  O-O
9. Nxa3  Nc6  10. Nc4  d5
11. exd5  Nxd5  12. Qb3
b6  13. Be4  Bb7
14. Nce5  Na5  15. Rxa5
bxa5  16. Qxb7  Nc7
17. Nc6  Qd6 18. g3  Rfc8 19.
Bf4  Qd7 20. Rb1  f5 21. Bd5+  e6
22. Bc4  Kf8 23. Ng5  Ke8 24. Re1
1-0

[Event "MCR mladeze, Kouty 2018 - H12"]
[Site "Kouty nad Desnou"]
[Date "2018.03.10"]
[Round "1"]
[White "Petricek, Lukas"]
[Black "Kanak, Matyas"]
[Result "0-1"]
[WhiteElo "1779"]
[BlackElo "1379"]
[EventDate "2018.03.10"]

1. e4 c5 2. c3 d5 3. exd5 Qxd5 4. d4 Nf6 5. Nf3 Bg4 6. Be2 e6 7. O-O Be7 8. h3
Bh5 9. Be3 cxd4 10. cxd4 Nc6 11. Nc3 Qd6 12. a3 O-O 13. Qb3 a6 14. Rfd1 Rfd8 15.
Rac1 b5 16. Qa2 Rac8 17. b4 h6 18. d5 exd5 19. Bc5 Qe6 20. Bxe7 Nxe7 21. Nd4 Qe5
22. Bxh5 Qxh5 23. Re1 Ne4 24. Nce2 Qh4 25. f3 Qf2+ 26. Kh2 Nd6 27. Qb1 Nc4 28.
Qd3 Ng6 29. Qf5 Ne3 0-1

[Event "MCR mladeze, Kouty 2018 - H12"]
[Site "Kouty nad Desnou"]
[Date "2018.03.10"]
[Round "1"]
[White "Mohapl, Tomas"]
[Black "Ocenasek, Jan"]
[Result "1-0"]
[WhiteElo "1372"]
[BlackElo "1654"]
[EventDate "2018.03.10"]

1. e4  c5  2. Nf3  d6
3. d4  cxd4  4. Nxd4
Nf6  5. Nc3  a6
6. f3  e5  7. Nb3  Be6
8. Be3  Be7  9. Qd2
O-O  10. O-O-O  Qc7
11. g4  b5  12. g5
Nfd7  13. h4  b4
14. Ne2  Rc8  15. Kb1
a5  16. h5  a4
17. Nbc1  Na6  18. Rg1  b3
19. cxb3  axb3  20. a3
Nb4  21. Nc3  Nc2
22. N1e2  d5  23. exd5
Bf5  24. Kc1  Qd6
25. a4  Nc5  26. Bxc5
Rxc5  27. Ng3  Qd7
28. Nxf5  Qxf5  29. Bd3
Qxf3  30. d6  Bd8
31. Be4  Qf4  32. Bxa8
1-0

[Event "MCR mladeze, Kouty 2018 - H12"]
[Site "Kouty nad Desnou"]
[Date "2018.03.10"]
[Round "1"]
[White "Paseka, Matyas"]
[Black "Vasinek, Martin"]
[Result "1-0"]
[WhiteElo "1621"]
[BlackElo "1356"]
[EventDate "2018.03.10"]

1. e4  c5  2. Nf3  Nc6
3. d4  cxd4  4. Nxd4
g6  5. Nc3  Bg7
6. Be3  Nf6  7. Bc4  Qa5
8. O-O  O-O  9. Bb3
d6  10. h3  Bd7
11. Re1  Rfc8  12. Nd5  Nxd5
13. exd5  Ne5  14. Qe2
Rc7  15. f4  Nc4
16. Bxc4  Qb4  17. b3
b5  18. a3  Qc3
19. Nxb5  Bxb5  20. Bxb5  Qxc2
21. Qxc2  Rxc2  22. Rac1
Rxc1  23. Rxc1  Rb8
24. Ba4  Rb7  25. Rc8+
Bf8  26. Ra8  Rc7
27. Rxa7  Rc3  28. Bb6
Rc1+  29. Kh2  Rd1
30. Bd8  Rxd5  31. Bxe7
Bxe7  32. Rxe7  Rf5
33. Kg3  h5  34. h4
Kg7  35. b4  Kf6
36. Re3  d5  37. Bd7
d4  38. Bxf5  dxe3
39. Bd3  Ke6  40. Kf3
1-0

[Event "MCR mladeze, Kouty 2018 - H12"]
[Site "Kouty nad Desnou"]
[Date "2018.03.10"]
[Round "1"]
[White "Janous, Marek"]
[Black "Juchelka, Marek"]
[Result "1/2-1/2"]
[WhiteElo "1328"]
[BlackElo "1585"]
[EventDate "2018.03.10"]

1. d4  f5  2. Bg5  d5
3. e3  Nd7  4. Bd3
Ndf6  5. c3  Ne4
6. Bxe4  fxe4 7. Nd2  Nf6
8. Bxf6  exf6  9. Ne2
Bd6  10. Ng3  O-O
11. Qb3  c6  12. Ndxe4
Bc7  13. Nd2  f5
14. O-O  g5  15. Rfe1
f4  16. exf4  gxf4
17. Ngf1  Qg5  18. Nf3
Qg7  19. Kh1  Bg4
20. N1d2  b6  21. Qa4
Rf6  22. Rg1  Kh8
23. Rae1  Rg6  24. Qc2
Rg8  25. g3  fxg3
26. fxg3  Bxf3+  27. Nxf3
Qh6  28. Ne5  Bxe5
29. Rxe5  Rxg3  30. Rxg3
Rxg3  31. Qf2  Rg8
32. Re1  Rf8  33. Qe2 Qf6 34.
Qe5 Qxe5 35. dxe5 Kg7 1/2-1/2

[Event "MCR mladeze, Kouty 2018 - H12"]
[Site "Kouty nad Desnou"]
[Date "2018.03.10"]
[Round "1"]
[White "Simek, Viktor"]
[Black "Lang, Simon"]
[Result "0-1"]
[WhiteElo "1568"]
[BlackElo "1308"]
[EventDate "2018.03.10"]

1. e4  e6  2. d4  d5
3. Nd2 c5  4. c3  Nc6
5. Bb5  Bd7  6. Ne2
cxd4  7. cxd4  Qb6
8. Bxc6  Bxc6  9. e5
f6  10. f4  Bb4
11. O-O  fxe5  12. fxe5  Ne7
13. Nf3  Nf5  14. Bg5
h6  15. Bf4  O-O
16. Bc1  Bb5  17. Rf2
Rac8  18. g4  Bxe2
19. Rxe2  Ng3  20. Rg2
Ne4  21. Be3  Rf7
22. Qe2  Rcf8  23. Nh4
Bd2  24. b3  Bc3
25. Rd1  Bd2  26. Ng6
Rc8  27. Bxd2  Rc2
28. Qd3  Rxa2  29. Be3
Ra3  30. Rb1  Rc7
31. Bc1  Rc3  32. Qd1
Raxb3  33. Rgb2  Rxb2
34. Rxb2  Qc7  35. Rb1
a5  36. Nf4  b5
37. Nxe6  Qc6  38. Nc5  Nxc5
39. dxc5  Qxc5+  40. Kh1
d4  41. Bb2  Rc2
42. Bxd4  Qd5+  0-1

[Event "MCR mladeze, Kouty 2018 - H12"]
[Site "Kouty nad Desnou"]
[Date "2018.03.10"]
[Round "1"]
[White "Czepiec, Richard"]
[Black "Cerny, Michal"]
[Result "0-1"]
[WhiteElo "1213"]
[BlackElo "1549"]
[EventDate "2018.03.10"]

1. e4  c5 2. Nf3  d6  3. d4
cxd4  4. Nxd4  Nf6 5. Nc3
a6  6. Be2  e5
7. Nb3  Be6  8. O-O  Be7
9. f4  Qc7  10. Qe1
O-O  11. Qg3  Kh8
12. f5  Bc4  13. Bxc4
Qxc4  14. Qh4  Nc6
15. Bg5  Nd4  16. Nd5
Nxd5  17. exd5  Bxg5
18. Qxg5  Nxb3  19. axb3
Qc5+  20. Kh1  f6
21. Qd2  Rac8  22. c4
Qb6  23. Ra3  Qc7
24. Rf3  Qd7  25. Qe1
Rc7  26. Qh4  Kg8
27. Rh3  Qxf5  28. Ra1
h6  29. Rg3  Kh7
30. Rf3  Qg5  31. Qxg5
hxg5  32. Rh3+  Kg6
33. Kg1  f5  34. Kf2
f4  35. Re1  Kf5
36. Rh5  g6  37. Rh3
g4  38. Rc3  Rh8
39. h3  gxh3  40. gxh3
g5  41. Rh1  b6
42. Kf3  e4+  43. Kf2  Rch7
44. Kg2  e3  45. Rcc1
Ke4  46. Rce1  g4
47. hxg4  Rxh1  48. Rxh1
Rxh1  49. Kxh1  e2
50. g5  e1=Q+  51. Kg2
Qg3+  52. Kf1  Kf3
0-1

[Event "MCR mladeze, Kouty 2018 - H12"]
[Site "Kouty nad Desnou"]
[Date "2018.03.11"]
[Round "2"]
[White "Stalmach, Richard"]
[Black "Licka, Denis"]
[Result "1-0"]
[WhiteElo "1946"]
[BlackElo "1386"]
[EventDate "2018.03.10"]

1. d4 Nf6 2. c4 e6 3. Nf3 Bb4+ 4. Nbd2 O-O 5. a3 Bxd2+ 6. Qxd2 b6 7. g3 d6 8. Bg2
Bb7 9. O-O Nbd7 10. b4 a5 11. Bb2 Ne4 12. Qc2 f5 13. Nd2 Ndf6 14. Nxe4 Nxe4 15.
f3 Nf6 16. e4 fxe4 17. fxe4 Qe7 18. e5 Ng4 19. Bxb7 Ne3 20. Rxf8+ Rxf8 21. Qe2
Qg5 22. Bc1 Qf5 23. Bxe3 dxe5 24. Rf1 Qxf1+ 25. Qxf1 Rxf1+ 26. Kxf1 exd4 27. Bxd4
1-0

[Event "MCR mladeze, Kouty 2018 - H12"]
[Site "Kouty nad Desnou"]
[Date "2018.03.11"]
[Round "2"]
[White "Cerny, Michal"]
[Black "Kures, Michael"]
[Result "0-1"]
[WhiteElo "1549"]
[BlackElo "1931"]
[EventDate "2018.03.10"]

1. e4  c5  2. Nf3  Nc6
3. d4  cxd4  4. Nxd4
Nf6  5. Nc3  e6
6. Be3  Bb4  7. Nxc6  bxc6
8. Bg5  h6  9. Bxf6
Qxf6  10. Qd2  O-O
11. Bd3  d5  12. a3
Ba5  13. b4  Bc7
14. O-O  Be5  15. Nxd5
cxd5  16. Rab1  dxe4
17. Bxe4  Bxh2+  18. Kxh2
Qh4+  19. Kg1  Qxe4
20. Rfe1  Qd5  21. Qe2
Bb7  22. f3  Qd4+
23. Kh1  Rfc8  24. Rec1
Qc4  25. Qd1  Rd8
26. Qe1  Rac8  27. Rb3
Rd4  28. Re3  Qa2
29. Qf2  Rdc4  0-1

[Event "MCR mladeze, Kouty 2018 - H12"]
[Site "Kouty nad Desnou"]
[Date "2018.03.11"]
[Round "2"]
[White "Hak, David"]
[Black "Mohapl, Tomas"]
[Result "1-0"]
[WhiteElo "1887"]
[BlackElo "1372"]
[EventDate "2018.03.10"]

1. e4  c5  2. Nf3  d6
3. d4  cxd4  4. Nxd4
Nf6  5. Nc3  a6
6. a4  e5  7. Nb3  Be6
8. Be2  Be7  9. O-O
O-O  10. Be3  Nbd7
11. a5  Rc8  12. f3
Qc7  13. Qd2  Qc6
14. Rfd1  Nc5  15. Nxc5
dxc5  16. Nd5  Bxd5
17. exd5  Qd6  18. c4
Ne8  19. Ra3  Bd8
20. Raa1  Be7  21. f4
Bf6  22. Ra3  exf4
23. Bxf4  Be5  24. Bxe5
Qxe5  25. Re3  Qd6
26. Rb3  Qd7  27. Rf1
f5  28. Qf4  Rf6
29. Bd3  g6  30. Qg5
Rc7  31. Rb6  Rf7
32. h4  Nd6  33. Re1
Nc8  34. Rbe6  Nd6
35. Qf4  Nc8  36. Qe5
Re7  37. d6  Rxe6
38. Qxe6+  Qxe6  39. Rxe6
Kf7  40. Rxg6  hxg6
41. dxc7  Ke7  42. Kf2
Kd7  43. h5  gxh5
44. Bxf5+  Kxc7  45. Bxc8
Kxc8  46. Kg3  b5
47. axb6  Kb7  48. Kh4
Kxb6  49. Kxh5  Ka5
50. g4  Kb4  51. g5
Kb3  52. g6  Kxb2
53. g7  a5  54. g8=Q
a4  55. Qd5  a3
56. Qxc5  a2  57. Qa5  1-0

[Event "MCR mladeze, Kouty 2018 - H12"]
[Site "Kouty nad Desnou"]
[Date "2018.03.11"]
[Round "2"]
[White "Werner, Hong Quan Dan"]
[Black "Hlavina, Matous"]
[Result "0-1"]
[WhiteElo "1534"]
[BlackElo "1820"]
[EventDate "2018.03.10"]

1. e4  e6  2. d4  d5
3. Nd2  Nc6  4. Ngf3
Nf6  5. Bd3  Nb4
6. O-O  Nxd3  7. cxd3
Be7  8. Re1  O-O
9. Nb3  b6  10. Bf4
Bb7  11. Rc1  dxe4 12. dxe4
Bxe4  13. Nfd2  Bd5
14. Bxc7  Qd7  15. Nf3
Bxf3  16. Qxf3  Nd5
17. Bg3  Bf6  18. Re4
Qb5  19. Bh4  Rac8
20. Rce1  Rc2  21. Rg4
Qb4  22. Rd1  Qe7
23. Bg3  Rxb2  24. Nd2
Rc8  25. Ne4  Bxd4
26. Nd6  Rc3  27. Qe4
Rd2  28. Re1  Bf6
29. Nb5  Rcc2  30. Be5
Qc5  31. Nd4  Rc4
32. Qe3  Nxe3 0-1

[Event "MCR mladeze, Kouty 2018 - H12"]
[Site "Kouty nad Desnou"]
[Date "2018.03.11"]
[Round "2"]
[White "Kanak, Matyas"]
[Black "Paseka, Matyas"]
[Result "0-1"]
[WhiteElo "1379"]
[BlackElo "1621"]
[EventDate "2018.03.10"]

1. e4  c5  2. Nf3  d6
3. d4  cxd4  4. Nxd4
Nf6  5. Nc3  a6
6. Bg5  e6  7. f4  h6
8. Bh4  Be7  9. Qf3
Nbd7  10. O-O-O  g5
11. fxg5  Ne5  12. Qe2
Nfg4  13. h3  Bxg5+
14. Bxg5 Qxg5+  15. Qd2  Nf2
16. Be2  Nxh1  17. Qxg5
hxg5  18. Rxh1  Ke7
19. Rf1  b5  20. a3
Bb7  21. Nb3  Rac8
22. Na5  Ba8  23. Rd1
Rh4  24. Bd3  g4
25. a4  Nxd3+  26. Rxd3
b4  27. Na2  Bxe4
28. Rd2  gxh3  29. gxh3
b3  30. Nxb3  Rxh3
31. Nc3  Rh1+  32. Nd1
Bf3  33. Nd4  Bxd1
34. Rxd1  Rxd1+  35. Kxd1
Rc4  36. Nb3  Rxa4
37. Kd2  f5  38. Nc1
Kf6 39. Ne2  e5  40. Nc3
Rd4+  41. Ke3  f4+
42. Kf3  Kf5  43. Ne2
e4+  44. Kf2  Rd2
45. Kf1  e3  46. Ke1
Kg4  47. b4  f3
48. Nc3  Rxc2  49. b5  Rc1+
50. Nd1  axb5  51. Kf1
Rxd1#  0-1

[Event "MCR mladeze, Kouty 2018 - H12"]
[Site "Kouty nad Desnou"]
[Date "2018.03.11"]
[Round "2"]
[White "Lang, Simon"]
[Black "Janous, Marek"]
[Result "1/2-1/2"]
[WhiteElo "1308"]
[BlackElo "1328"]
[EventDate "2018.03.10"]

1. d4  Nf6  2. c4  g6
3. Nc3  Bg7  4. Nf3
O-O  5. e4  d6
6. Be3  e5  7. Bd3  exd4
8. Nxd4  Re8  9. O-O
Nbd7  10. Nf3  c6
11. Qc2  Ng4  12. Bf4
Nge5  13. Nxe5  Nxe5
14. Bxe5  Bxe5  15. f4
Bg7  16. Rad1  Qb6+
17. Kh1  Qc7  18. f5
Qe7  19. Rf3  Qe5
20. Rdf1  a6  21. fxg6
fxg6  22. Qf2  Be6
23. c5  Qxc5  24. Qxc5
dxc5  25. Na4  c4
26. Be2  b5  27. Nc5
Bg4  28. R3f2  Bxe2
29. Rxe2  Rf8  30. Rfe1
Rfe8  31. e5  Rad8
32. e6  Re7  33. Nxa6
c3  34. bxc3  Bxc3
35. Rc1  b4  36. g3
Kg7  37. a3  Ra8
38. Nxb4  Bxb4  39. axb4
Rb8  40. Re4  Rb6
41. Kg2  Kf6  42. Rf1+
Kg7  43. Kf3  Rb5
44. Kg4  h6  45. h4
h5+  46. Kh3  Rd5
47. Kg2  Rd6  48. Rfe1
Kf6  49. Kf3  Rd3+
50. Kf4  Rd6  51. R1e2
Rd1  52. Rf2  Rxe6
53. Rxe6+  Kxe6  54. Kg5
Rd4  55. Kxg6  Rg4+
56. Kxh5  Rxg3  57. Kh6
Kd5  58. h5  Kc4
59. Rc2+  Kb5  60. Kh7
Rg4  61. Rb2  Kb6
62. h6  Kb5  63. Kh8
Kb6  64. h7  Kb5
65. Rf2  Kxb4  66. Rf8
c5  67. Rg8  Rh4
68. Rg6  c4  69. Kg7
Rxh7+  70. Kxh7  c3
71. Rb6+  Ka3 1/2-1/2

[Event "MCR mladeze, Kouty 2018 - H12"]
[Site "Kouty nad Desnou"]
[Date "2018.03.11"]
[Round "2"]
[White "Juchelka, Marek"]
[Black "Hrbek, Stepan"]
[Result "0-1"]
[WhiteElo "1585"]
[BlackElo "2018"]
[EventDate "2018.03.10"]

1. e4 c5 2. Nf3 g6 3. d4 cxd4 4. Qxd4 Nf6 5. e5 Nc6 6. Qd3 Ng4 7. Qe4 Ngxe5 8.
Nbd2 Bg7 9. Nxe5 Nxe5 10. f4 Nc6 11. Nf3 d5 12. Qd3 O-O 13. c3 Bf5 14. Qd1 d4 15.
cxd4 Nb4 0-1

[Event "MCR mladeze, Kouty 2018 - H12"]
[Site "Kouty nad Desnou"]
[Date "2018.03.11"]
[Round "2"]
[White "Babula, Vlastimil"]
[Black "Pecka, Jan"]
[Result "1-0"]
[WhiteElo "1806"]
[BlackElo "1456"]
[EventDate "2018.03.10"]

1. e4 c5  2. Nf3  d6  3. d4
cxd4  4. Nxd4  Nf6
5. Nc3  g6  6. Be2
Bg7  7. O-O  O-O
8. Re1  Nc6  9. Nb3
Be6  10. Bg5  Rc8
11. Bf1  a6  12. Nd5
Bxd5  13. exd5  Ne5
14. c3  Re8  15. Qd2
b5  16. Rab1  Ned7
17. Nd4  Nb6  18. a4
Nc4  19. Bxc4  Rxc4
20. axb5  axb5  21. Bxf6
Bxf6  22. Nxb5  Qb6
23. Na3  Rc5  24. Nc2
Qb5  25. Nb4  Rb8
26. Ra1  Kg7  27. h3
1-0

[Event "MCR mladeze, Kouty 2018 - H12"]
[Site "Kouty nad Desnou"]
[Date "2018.03.11"]
[Round "2"]
[White "Prochazka, Vojtech"]
[Black "Petricek, Lukas"]
[Result "1/2-1/2"]
[WhiteElo "1475"]
[BlackElo "1779"]
[EventDate "2018.03.10"]

1. e4  c5  2. Nf3  Nc6
3. d4  cxd4  4. Nxd4
g6  5. c4  Bg7
6. Be3  d6  7. Nc3  Nf6
8. f3  O-O  9. Be2
a6  10. Qd2  Qc7
11. O-O  Bd7  12. Rac1
Ne5  13. b3  Rac8
14. Rfe1  Rfe8  15. Bf1
Bc6  16. Nd5  Bxd5
17. exd5  Qb8  18. Kh1
Rc7  19. Bf4  Nh5
20. Bg5  Nf6  21. Rc3
Qc8  22. Rce3  h6
23. Bh4  g5  24. Bf2
Nh5  25. Qd1  Nf4
26. Ne2  Qf5  27. Ng3
Qg6  28. Qb1  Qxb1
29. Rxb1  Nxc4  30. bxc4
Bd4  31. Rxe7  Rcxe7
32. Bxd4  Re1  33. Rxb7
Ne2  34. Nxe2  R8xe2
35. Kg1  Rc2  36. Rb8+
Kh7  37. Rh8+  Kg6
38. Rg8+  Kf5  39. Rg7
h5  40. Rxf7+  Kg6
1/2-1/2

[Event "MCR mladeze, Kouty 2018 - H12"]
[Site "Kouty nad Desnou"]
[Date "2018.03.11"]
[Round "2"]
[White "Ocenasek, Jan"]
[Black "Czepiec, Richard"]
[Result "1-0"]
[WhiteElo "1654"]
[BlackElo "1213"]
[EventDate "2018.03.10"]

1. e4  c5  2. Nf3  d6
3. d4  cxd4  4. Nxd4
Nf6  5. Nc3  g6
6. f3  Bg7  7. Be3  O-O
8. Qd2  Nc6  9. O-O-O
Bd7  10. g4  Rb8
11. h4  a6  12. h5
Na5  13. hxg6  fxg6
14. Bd3  b5  15. Bh6
Bxh6  16. Rxh6  Rf7
17. Rdh1  Nc4  18. Qh2
Qb6  19. Qg1  Qa5
20. Nb3  Qd8  21. Qh2
Qf8  22. Rxg6+  Rg7
23. Rxg7+  Qxg7  24. Rg1
Ne5  25. Qg2  Ng6
26. Rh1  Nf4  27. Qg3
Qg5  28. Kd1  h5
29. Rf1  h4  30. Qh2
h3  31. Rh1  Kf7
32. Ne2  Nxe2  33. Kxe2
Rh8  34. Kf2  Qh4+
35. Qg3  Qxg3+  36. Kxg3
h2  37. Rxh2  Rg8
38. Be2  d5  39. e5
Ne8  40. Nd4  e6
41. Rh7+  Rg7  42. Rxg7+
Kxg7  43. f4  Kg6
44. Bd3+  Kg7  45. f5
exf5  46. gxf5 Kf8  47. Kf4
Ng7  48. e6  Bc8
49. Ke5  Bb7  50. Kd6
Ke8  51. f6  Nxe6
52. Nxe6  Kf7  53. Nd8+
Kxf6  54. Nxb7  d4
55. Kd5  b4  56. Kxd4
1-0

[Event "MCR mladeze, Kouty 2018 - H12"]
[Site "Kouty nad Desnou"]
[Date "2018.03.11"]
[Round "2"]
[White "Vaclavik, Jan"]
[Black "Simek, Viktor"]
[Result "1/2-1/2"]
[WhiteElo "1448"]
[BlackElo "1568"]
[EventDate "2018.03.10"]

1. d4  d5  2. Nf3  Nf6
3. e3  e6  4. Bd3
Be7  5. Nbd2  Nbd7
6. O-O  O-O  7. Qe2
b6  8. e4  dxe4
9. Nxe4  Bb7  10. Rd1  c6
11. Bf4  Nd5  12. Bg3
N7f6  13. a3  Rc8
14. c4  Nc7  15. b4
Nh5  16. Rab1  Nxg3
17. Nxg3  a6  18. h4
b5  19. Ne5  Bxh4
20. Ne4  bxc4  21. Nxc4
Nd5  22. g3  Be7
23. Qh5  f5  24. Nc5
Bxc5  25. dxc5  Qf6
26. Rbc1  g6  27. Qe2
f4  28. Ne5  Rcd8
29. Ng4  Qe7 1/2-1/2

[Event "MCR mladeze, Kouty 2018 - H12"]
[Site "Kouty nad Desnou"]
[Date "2018.03.11"]
[Round "2"]
[White "Vasinek, Martin"]
[Black "Smolik, Jachym"]
[Result "0-1"]
[WhiteElo "1356"]
[BlackElo "1532"]
[EventDate "2018.03.10"]

1. d4  Nf6  2. c4  g6
3. Nc3  Bg7  4. Nf3
O-O  5. e3  d6
6. Be2  Nbd7  7. O-O  c5
8. b3  a6  9. Bb2
b6  10. Rc1  Bb7
11. Qd2  Rb8  12. Rfd1
cxd4  13. Nxd4  Nc5
14. f3  Qd7  15. e4
Rfd8  16. Nd5  Nxd5
17. cxd5  Rdc8  18. Rc2
b5  19. Rdc1  h5
20. Ba3  Kh7  21. Qe3
Bh6  22. f4  e5
23. dxe6  fxe6  24. Bxc5  dxc5
25. Nf3  Bf8  26. Ng5+
Kh8  27. Rd1  Qe8
28. Rcd2  c4  29. Kh1
c3  30. Rd7  Bg7
31. Nf7+  Kh7  32. Rxb7
Rxb7  33. Nd6  Qc6
34. Nxb7  Qxb7  35. Rc1
Rc7  36. e5  Qc8
37. Qe4  Bf8  38. Bxh5
Rg7  39. Rc2  Ba3
40. Bg4  b4  41. Qd3
Rd7  42. Qe2  Qd8
43. Bxe6  Rd1+  0-1

[Event "MCR mladeze, Kouty 2018 - H12"]
[Site "Kouty nad Desnou"]
[Date "2018.03.12"]
[Round "3"]
[White "Hlavina, Matous"]
[Black "Stalmach, Richard"]
[Result "1/2-1/2"]
[WhiteElo "1820"]
[BlackElo "1946"]
[EventDate "2018.03.10"]

1. d4 d5 2. Nf3 Nf6 3. e3 e6 4. Bd3 c5 5. b3 Nc6 6. a3 a6 7. Bb2 b5 8. a4 c4 9.
axb5 Na5 10. Bc3 axb5 11. b4 cxd3 12. cxd3 Bd7 13. Rxa5 Rxa5 14. bxa5 b4 15. Bb2
Qxa5 16. Nbd2 Be7 17. Qb3 Ba4 18. Qa2 b3 19. Qb1 Bb4 20. Ke2 O-O 21. Rc1 Qa6 22.
Qa1 Ra8 23. Qb1 Rc8 24. Rxc8+ Qxc8 25. Qa1 Bb5 26. Ne1 h6 27. Qd1 Bxd2 28. Kxd2
Ba4 29. h3 Nd7 30. Qc1 Qb7 31. Qc3 Nb6 32. Ke2 Kh7 33. Nf3 Qc6 34. Nd2 Qb5
1/2-1/2